Proletariado y salitre en Chile: 1890-1910

Guardat en:
Dades bibliogràfiques
Autor principal: Fernández, Manuel A (Autor)
Format: Llibre
Idioma:espanyol
Publicat: Londres, Inglaterra Nueva Historia 1988
Col·lecció:Monografías de Nueva Historia, 2
Matèries:
Etiquetes: Afegir etiqueta
Sense etiquetes, Sigues el primer a etiquetar aquest registre!

MARC

LEADER 00000nam a2200000 a 4500
001 UCX2201
003 CL-VaPUC
005 20220902113035.0
008 910401e19880000UK |||||||||||||||||spa|d
999 |c 223277  |d 223275 
040 |c Pontificia Universidad Católica de Valparaíso 
082 0 4 |a 983.063 FER 1988  |2 21 
100 0 |a Fernández, Manuel A  |e author  |9 318058 
245 1 0 |a Proletariado y salitre en Chile:  |b  1890-1910 
260 |a Londres, Inglaterra  |b Nueva Historia  |c 1988 
300 |a 87 páginas 
490 0 |a Monografías de Nueva Historia,  |v  2 
583 |a last modification  |c 19910401 00:00:00  |k Rodrigo Vera 
650 7 |a TRABAJADORES DEL SALITRE  |2 CL-VaPUC  |9 318059  |x HISTORIA DE CHILE 
650 0 |a Proletariado  |z CHILE  |9 269152 
852 |a BIBCUR 
942 |c BK  |2 ddc 
945 |d 19910401 00:00:00 
952 |0 0  |1 0  |2 ddc  |4 0  |6 983_063000000000000_FER_1988  |7 0  |8 A  |9 218897  |a BIBHIS  |b BIBHIS  |d 2019-11-15  |i 2876965  |l 1  |o 983.063 FER 1988  |p 2876965  |r 2025-01-20  |s 2022-06-14  |t 1  |w 2019-11-15  |y BK  |k HIS